Tratado de botánica / (Record no. 148388)

MARC details
000 -LEADER
campo de control de longitud fija 00963nam a2200277 i 4500
001 - NÚMERO DE CONTROL
campo de control 148388
003 - IDENTIFICADOR DE NÚMERO DE CONTROL
campo de control ES-MaACL
005 - FECHA Y HORA DE LA ÚLTIMA TRANSACCIÓN
campo de control 20250814015825.0
007 - CAMPO FIJO DE DESCRIPCIÓN FÍSICA--INFORMACIÓN GENERAL
campo de control de longitud fija t|
008 - DATOS DE LONGITUD FIJA--INFORMACIÓN GENERAL
campo de control de longitud fija 070214s1935 sp r ||||1| spa d
080 ## - NÚMERO DE LA CLASIFICACIÓN DECIMAL UNIVERSAL
Número de la Clasificación Decimal Universal 58
100 1# - ENTRADA PRINCIPAL--NOMBRE DE PERSONA
Nombre de persona Strasburger, E.
9 (RLIN) 108375
245 10 - MENCIÓN DEL TÍTULO
Título Tratado de botánica /
Mención de responsabilidad, etc. Eduardo Strasburger.
250 ## - MENCION DE EDICION
Mención de edición 18ª ed.
Resto de la mención de edición refundida por los doctores Juan Fitting ... [et al.] ; 2ª ed. española / traducida por el prof. Arturo G. Caballero.
260 ## - PUBLICACIÓN, DISTRIBUCIÓN, ETC.
Lugar de publicación, distribución, etc. Barcelona :
Nombre del editor, distribuidor, etc. Manuel Marín,
Fecha de publicación, distribución, etc. 1935.
300 ## - DESCRIPCIÓN FÍSICA
Extensión VIII, 705 p. :
Otras características físicas il. ;
Dimensiones 25 cm.
595 ## -
-- Ed. refundida por: Juan Fitting, Armando Sierp, Ricardo Harder y Jorge Karsten.
650 #7 - PUNTO DE ACCESO ADICIONAL DE MATERIA--TÉRMINO DE MATERIA
Término de materia o nombre geográfico como elemento de entrada Botánica
Fuente del encabezamiento o término embne
9 (RLIN) 10610
700 1# - ENTRADA AGREGADA--NOMBRE PERSONAL
Nombre de persona Fitting, Juan.
9 (RLIN) 51063
700 1# - ENTRADA AGREGADA--NOMBRE PERSONAL
Nombre de persona Sierp, Armando.
9 (RLIN) 106236
700 1# - ENTRADA AGREGADA--NOMBRE PERSONAL
Nombre de persona Harder, Ricardo.
9 (RLIN) 61811
700 1# - ENTRADA AGREGADA--NOMBRE PERSONAL
Nombre de persona Karsten, Jorge.
9 (RLIN) 67588
700 1# - ENTRADA AGREGADA--NOMBRE PERSONAL
Nombre de persona Caballero, Arturo G.
9 (RLIN) 33071
852 4# - LOCALIZACIÓN
Ubicación ES-MaACL
Número de control de estantería A-2488
Holdings
Estatus retirado Estado de pérdida Estado de daño No para préstamo Biblioteca de origen Biblioteca actual Ubicación en estantería Fecha de adquisición Fuente de adquisición Total de préstamos Signatura topográfica completa Código de barras Visto por última vez Precio de reemplazo Tipo de ítem Koha
        Biblioteca del Ateneo de Madrid Biblioteca del Ateneo de Madrid Sala Pecera Planta 1 17/01/2008     A-2488 1154858 23/02/2023 23/02/2023 Libro impreso